Statistics for Most technologically advanced nations in the americas

Click here to take the quiz!

General Stats

  • This quiz has been taken 38 times
  • The average score is 14 of 15

Answer Stats

HintAnswer% Correct
2Canada
97%
3Chile
97%
8Peru
97%
1United states
97%
13Venezuela
97%
5Argentina
94%
9Colombia
94%
12Cuba
94%
7Uruguay
94%
4Brazil
91%
10Costa rica
91%
11Ecuador
86%
6Panama
86%
14Suriname
77%
15Guatemala
66%

Score Distribution

Percentile by Number Answered

Percent of People with Each Score

Your Score History

You have not taken this quiz